000 00716nam a2200253Ia 4500
003 OSt
005 20220918165538.0
006 a|||||r|||| 00| 0
007 ta
008 220917b |||||||| |||| 00| 0 eng d
020 _a8126013427
024 _a215,647
037 _cTextual
040 _aARTS
_cARTS
_beng
041 _2eng
_aeng
082 _aO111944,3:g, P2
100 _aMukherjee Meenakshi Ed.
_924704
245 0 _aEarly novels in India
260 _aNew Delhi
_bSahitya Akademi India
_c2002
300 _axix,278p.
_ccm.
650 _aINDIAN LITERATURE; ENGLISH LITERATURE
_917246
942 _hO111944,3:g, P2
_cTEXL
_2CC
999 _c130306
_d130306